Fr. Conceicao Rodrigues College of Engineering

Principles of Object Oriented Software developments (Record no. 27009)

MARC details
000 -LEADER
fixed length control field 00337nam a2200145Ia 4500
082 ## - DEWEY DECIMAL CLASSIFICATION NUMBER
Classification number 5.1
Item number ELI
100 ## - MAIN ENTRY--PERSONAL NAME
Personal name Eliens/ Anton
245 ## - TITLE STATEMENT
Title Principles of Object Oriented Software developments
260 ## - PUBLICATION, DISTRIBUTION, ETC.
Name of publisher, distributor, etc. ADDISON WESLEY
Place of publication, distribution, etc. Wokingham
Date of publication, distribution, etc. 1995
300 ## - PHYSICAL DESCRIPTION
Extent 513
546 ## - LANGUAGE NOTE
Language note ENGLISH
654 ## - SUBJECT ADDED ENTRY--FACETED TOPICAL TERMS
Focus term Computer
942 ## - ADDED ENTRY ELEMENTS (KOHA)
Koha item type BOOK
Holdings
Withdrawn status Lost status Damaged status Not for loan Collection Home library Current library Shelving location Date acquired Total Checkouts Full call number Barcode Date last seen Price effective from Koha item type
        CRC Fr. Agnel's C.Rodrigues College of Engineering Fr. Agnel's C.Rodrigues College of Engineering   17/03/2023   5.1 ELI 9651 17/03/2023 17/03/2023 BOOK